Teritoriálne a komoditné zameranie zahraničného obchodu Tanzánie
Pohľad na zahraničný obchod Tanzánie z pozície teritoriálnej a komoditnej štruktúry. Najdôležitejšie charakteristiky tovarovej štruktúry a zahranično-obchodných vzťahov tanzánskej ekonomiky. Najzávažnejšie nedostatky v štruktúre zahraničného obchodu Tanzánie.
Uložené v:
| Hlavný autor: | |
|---|---|
| Médium: | Kapitola |
| Jazyk: | Slovak |
| Predmet: | |
| Tagy: |
Žiadne tagy, Buďte prvý, kto otaguje tento záznam!
|
MARC
| LEADER | 00000nla$a2200000$$$4500 | ||
|---|---|---|---|
| 001 | 0100247 | ||
| 005 | 20240611113651.0 | ||
| 041 | 0 | |a slo | |
| 044 | |a SK | ||
| 245 | 1 | 0 | |a Teritoriálne a komoditné zameranie zahraničného obchodu Tanzánie |c Gabriela Ratkovská |
| 520 | |a Pohľad na zahraničný obchod Tanzánie z pozície teritoriálnej a komoditnej štruktúry. Najdôležitejšie charakteristiky tovarovej štruktúry a zahranično-obchodných vzťahov tanzánskej ekonomiky. Najzávažnejšie nedostatky v štruktúre zahraničného obchodu Tanzánie. | ||
| 610 | 2 | 0 | |a obchod zahraničný |
| 610 | 2 | 0 | |a dovoz |
| 610 | 2 | 0 | |a vývoz |
| 610 | 2 | 0 | |a komodity |
| 610 | 2 | 0 | |a regióny |
| 610 | 2 | 0 | |a trh zahraničný |
| 610 | 2 | 0 | |a bilancia obchodná |
| 610 | 2 | 0 | |a Tanzánia |
| 100 | 1 | |a Ratkovská, Gabriela | |